Baldur's Gate 3 Quiz - Statistics

General Stats
  • This quiz has been taken 3,378 times
  • The average score is 13 of 20
Answer Stats
Question Answer % Correct
Where does the Mind Flayer ship crash? A beach
96%
What is the default race for the Dark Urge origin? White Dragonborn
92%
What do all Origin Characters have in common? Infected with tadpole
89%
Which of these statements is NOT true? Scratch is a girl
85%
Which two companions are impossible to have in the same party (without exploits)? Minthara & Halsin
83%
A certain NPC wants you to steal a Githyanki Egg, what faction are they from? Society of Brilliance
78%
What damage type does no weapon have? Striking
77%
Which of these is Astarion most likely to approve? Ask for payment after a quest
72%
What is the personality of The Nightsong? Intense, heroic, unwavering
69%
A group of Kuo-toa in the Underdark worship a "god" named BOOOAL. What is he really? A redcap
66%
Which of these quests can you begin in Rivington? Find Dribbles the Clown
59%
Which of these statements is true? Glaives get extra-reach
59%
Of the damage numbers below, which are you highly unlikely to find on a weapon's stats? 4d2
54%
What does the Emperor do if you choose to free Orpheus? He allies with the Absolute
52%
Which stat has the Saving Throw for maintaining Concentration on a spell when you are attacked? Constitution
51%
What does Tav never say? "Can never have too much gold"
44%
What kind of dragon was Ansur, the "Heart of the Gate"? Bronze Dragon
42%
"Targets have disadvantage on Attack Rolls and take 2d6 Psychic when they miss" which Tadpole power am I describing? Stage Fright
38%
What is the Moon Druid subclass built around? Wildshaping
37%
Who gains access to the Divine Smite attack? All Paladins
33%
No matching quizzes found
Score Distribution
Percent of People with Each Score
Percentile by Number Answered
Your Score History
You have not taken this quiz